000 00733cam a22002771 4500
999 _c20212
_d20212
001 7515480
003 BDDh-ASL
005 20231015025847.0
008 720810t19631956enk b 001 0 eng
010 _a 64006009
015 _aGB63-18164
035 _a(OCoLC)377976
040 _aDLC
_cODaWU
_dOCoLC
_dBDDh-ASL
_dUk
_dDLC
042 _apremarc
050 0 0 _aBP161
_b.G87 1963
082 _a297
_bGUI
100 1 _aGuillaume, Alfred,
_d1888-
245 1 0 _aIslam /
260 _aLondon:
_bCassell,
_c[1963, c1956]
300 _a209 p.
_c22 cm.
490 0 _aThe Belle sauvage library
504 _aBibliography: p. 203-206.
650 0 _aIslam.
906 _a7
_bcbc
_coclcrpl
_du
_encip
_f19
_gy-gencatlg
942 _2ddc
_cBK